000 00440cam a22001934a 4500
005 20250605164314.0
008 250528s ||||||||||||||||||||||||d
035 _a22614
020 _a9780596002985
040 _aGR-AtMCL
_bgre
_dGR-AtMCL
_eAACR2
245 1 _aC++ IN A NUTSHELL
250 _a1
260 _bO'Reilly,
_c2003
300 _a791
700 1 _aLischner Ray
_98375
942 _cBK
999 _c7662
_d7662